Rome : an Oxford archaeological guide

Αποθηκεύτηκε σε:
Λεπτομέρειες βιβλιογραφικής εγγραφής
Κύριος συγγραφέας: Claridge, Amanda
Άλλοι συγγραφείς: Toms, Judith, Cubberley, Tony
Μορφή: Βιβλίο
Γλώσσα:English
Δημοσίευση: Oxford : Oxford University Press, c1998
Σειρά:Oxford archaeological guides
Θέματα:
Ετικέτες: Προσθήκη ετικέτας
Δεν υπάρχουν, Καταχωρήστε ετικέτα πρώτοι!

MARC

LEADER 00000nam a2200000 i 4500
001 1/89439
008 990913s1998 eng d
020 |a 0-19-288003-9 
035 |l 10052792 
040 |a GR-MY-UA  |b gre  |e aacr 
041 0 |a eng 
082 0 |a 914.563204929 
100 1 |a Claridge, Amanda. 
245 1 0 |a Rome :  |b an Oxford archaeological guide /  |c Amanda Claridge, with contributions by Judith TOms and Tony Cubberley 
260 |a Oxford :   |b Oxford University Press,   |c c1998 
300 |a 464 p. 
490 1 |a Oxford archaeological guides 
504 |a Includes bibliographical references 
650 0 0 |a Excavations (Archaeology)  |z Italy  |z Rome  |x Guidebooks. 
651 0 |a Rome (Italy)  |x Antiquities  |x Guidebooks. 
651 0 |a Rome Region (Italy)  |x Antiquities  |x Guidebooks. 
700 1 |a Toms, Judith. 
700 1 |a Cubberley, Tony. 
830 0 |a Oxford archaeological guides 
852 |a INST  |b LESVOS  |e 19990913  |h 914.563204929 CLI  |p 005100019454  |q 005100019454  |t BK  |y 0 
901 |a BIBL1-1999-3 
909 |a Λ  |b 062684 
922 |a 1ΕΛΗ  |b 199812  |c ΚΠΣ/ΤΓ  |d LEADER 
950 |a 118-1998-10-19 
970 |a ΤΖΑΦΕΡΗ  |b ΕΥΑΓΓΕΛΙΑ  |z 1999/09/24